An Examination Guide to Kalidasa`s Malavikagnimitra (Record no. 12552)

MARC details
000 -LEADER
fixed length control field 00515nam a2200181Ia 4500
003 - CONTROL NUMBER IDENTIFIER
control field OSt
005 - DATE AND TIME OF LATEST TRANSACTION
control field 20220323110308.0
008 - FIXED-LENGTH DATA ELEMENTS--GENERAL INFORMATION
fixed length control field 211109s9999||||xx |||||||||||||| ||und||
040 ## - CATALOGING SOURCE
Transcribing agency sbcl
082 ## - DEWEY DECIMAL CLASSIFICATION NUMBER
Classification number 371
Item number KAL-E
100 ## - MAIN ENTRY--PERSONAL NAME
Personal name Kalidasa,
245 #0 - TITLE STATEMENT
Title An Examination Guide to Kalidasa`s Malavikagnimitra
260 ## - PUBLICATION, DISTRIBUTION, ETC.
Name of publisher, distributor, etc. Ambika Brothers Publishers
Place of publication, distribution, etc. Madras
Date of publication, distribution, etc. 1943
300 ## - PHYSICAL DESCRIPTION
Extent 115p.
630 ## - SUBJECT ADDED ENTRY--UNIFORM TITLE
General subdivision General Stack
650 ## - SUBJECT ADDED ENTRY--TOPICAL TERM
Topical term or geographic name entry element Education
942 ## - ADDED ENTRY ELEMENTS (KOHA)
Koha item type BOOK
650 ## - SUBJECT ADDED ENTRY--TOPICAL TERM
Form subdivision Schools & their activities; special education
General subdivision Social Science
Holdings
Withdrawn status Lost status Damaged status Not for loan Home library Current library Date acquired Total Checkouts Full call number Barcode Shelving location Date last seen Price effective from Koha item type
        SB LIBRARY SB LIBRARY 09/11/2021   371 KAL-E 00013125 GENERAL STACK 09/11/2021 09/11/2021 BOOK

Powered by Koha